<?xml version="1.0" encoding="UTF-8"?>
<collection xmlns="http://www.loc.gov/MARC21/slim">
 <record>
  <leader>00887pam a22002298a 4500</leader>
  <controlfield tag="001">00000825</controlfield>
  <controlfield tag="005">20201015091014.0</controlfield>
  <controlfield tag="008">110323s2004                  ||||||Viesd</controlfield>
  <datafield tag="020" ind1="#" ind2="#">
   <subfield code="c">18000</subfield>
  </datafield>
  <datafield tag="245" ind1="0" ind2="0">
   <subfield code="a">Giáo trình lịch sử đảng Cộng sản Việt Nam</subfield>
   <subfield code="b">Dùng trong các trường Đại học, Cao đẳng</subfield>
  </datafield>
  <datafield tag="260" ind1="#" ind2="#">
   <subfield code="a">H.</subfield>
   <subfield code="b">Chính trị Quốc gia</subfield>
   <subfield code="c">2004</subfield>
  </datafield>
  <datafield tag="300" ind1="#" ind2="#">
   <subfield code="a">349tr.</subfield>
   <subfield code="c">21cm.</subfield>
  </datafield>
  <datafield tag="500" ind1="#" ind2="#">
   <subfield code="a">ĐTTS ghi: Bộ GD và ĐT</subfield>
  </datafield>
  <datafield tag="653" ind1="#" ind2="#">
   <subfield code="a">Đảng Cộng sản Việt Nam</subfield>
   <subfield code="a">Lịch sử</subfield>
   <subfield code="a">Giáo trình</subfield>
  </datafield>
  <datafield tag="710" ind1="#" ind2="#">
   <subfield code="c">18000</subfield>
   <subfield code="c">18000</subfield>
  </datafield>
  <datafield tag="852" ind1="#" ind2="#">
   <subfield code="a">Vie</subfield>
   <subfield code="a">Vie</subfield>
  </datafield>
  <datafield tag="852" ind1="#" ind2="#">
   <subfield code="b">Kho giáo trình</subfield>
   <subfield code="j">KGT.0017470, KGT.0033111</subfield>
  </datafield>
  <datafield tag="852" ind1="#" ind2="#">
   <subfield code="b">Kho mượn</subfield>
   <subfield code="j">KGT.0017470</subfield>
  </datafield>
  <datafield tag="852" ind1="#" ind2="#">
   <subfield code="b">Kho đọc</subfield>
   <subfield code="j">KD.0000841</subfield>
  </datafield>
  <datafield tag="852" ind1="#" ind2="#">
   <subfield code="j">KD.0000841</subfield>
   <subfield code="j">KGT.0033111</subfield>
   <subfield code="j">KGT.0017470</subfield>
  </datafield>
  <datafield tag="910" ind1="0" ind2="#">
   <subfield code="f">15/10/2020</subfield>
  </datafield>
  <datafield tag="980" ind1="#" ind2="#">
   <subfield code="a">Trung tâm Học liệu Lê Vũ Hùng, Trường Đại học Đồng Tháp</subfield>
  </datafield>
 </record>
</collection>
